Fault Lines; (Record no. 68601)

MARC details
000 -LEADER
fixed length control field 00807nam a22002057a 4500
005 - DATE AND TIME OF LATEST TRANSACTION
control field 20120723104626.0
010 ## - LCCN (DPL NO)
LC control number G-002048
020 ## - INTERNATIONAL STANDARD BOOK NUMBER
International Standard Book Number 9788172239732
Terms of availability 499.00
035 ## - SYSTEM CONTROL NUMBER
System control number G-002048
037 ## - SOURCE OF ACQUISITION
Stock number dpl
Source of stock number/acquisition Gift
082 ## - DEWEY DECIMAL CLASSIFICATION NUMBER
Classification number 330.90511
100 ## - MAIN ENTRY--PERSONAL NAME
Personal name Rajan, Raghuram G.
245 ## - TITLE STATEMENT
Title Fault Lines;
Remainder of title how hidden fractures threaten the world economy/
Statement of responsibility, etc by Raghuram G. Rajan
260 ## - PUBLICATION, DISTRIBUTION, ETC. (IMPRINT)
Place of publication, distribution, etc Noida
Name of publisher, distributor, etc Collins Business (HarperCollins Publishers)
Date of publication, distribution, etc 2010
270 ## - ADDRESS
Address A-53,Sector 57,Noida
City Noida
Postal code 201301
300 ## - PHYSICAL DESCRIPTION
Extent 274 p.
Dimensions 24 cm.
942 ## - ADDED ENTRY ELEMENTS (KOHA)
Source of classification or shelving scheme Dewey Decimal Classification
Item type English Books
Call number suffix RAJ
Classification part 330.90511
Holdings
Withdrawn status Lost status Not for loan Collection code Home library Current library Date acquired Source of acquisition Cost, normal purchase price Full call number Barcode Copy number Cost, replacement price Koha item type
      Non-fiction Vinoba Puri Vinoba Puri 23/07/2012 Gift 499.00 RAJ G-002048 1 499.00 English Books

© Delhi Public Library
Hit Counter
free hit counter